• 首页
  • 本馆介绍
  • 公告通知
  • 最新文献
  • 馆藏检索
  • 电子资源
  • 读者导购
  • 参考咨询
  • 我的图书馆
  • 登录
  • 详细信息显示
  • 放入我的书架
  • 预约/预借图书
  • 作者相关作品
  • 分类相关作品
  • 丛书相关作品
  • 出版社相关作品

书目信息

  • 表格格式
  • 工作单格式
  • 卡片格式
题名:
建材工业会计管理
    
 
作者: 林安宜 编著
分册:  
出版信息: 北京   中国建筑工业出版社  1988.8
页数: 288页
开本: 26厘米
丛书名:
单 册:
中图分类: F407.9672 , F407.96
科图分类:
主题词: 建筑材料工业-工业会计 , 工业会计-建筑材料工业
电子资源:
ISBN: 7-112-00168-4
000 00775nam0 2200253 45
001 0188013176
005 20060809163356.07
010    @a7-112-00168-4@dCNY3.90
020    @aCN@b88013176
100    @a19910417d1988 m y0chiy0120 ea
101 0  @achi
102    @aCN@b110000
105    @ay z 000yy
200 10 @a建材工业会计管理@Ajian cai gong ye kuai ji guan li@f林安宜等编著@Flin an yi deng bian zhu
210    @a北京@c中国建筑工业出版社@d1988.8
215    @a288页@d26厘米
540 1  @a建材工业会计管理@Ajian cai gong ye kuai ji guan li
606    @a建筑材料工业-工业会计
606    @a工业会计-建筑材料工业
690    @aF407.9672@v1980
690    @aF407.96@v3
701  0 @a林安宜@Alin an yi@4编著
801  0 @aCN@bTSSF@c20060809
905    @a10447@dF407.96@e145
    
    建材工业会计管理/林安宜等编著.-北京:中国建筑工业出版社,1988.8
    288页;26厘米
    
    
    ISBN 7-112-00168-4:CNY3.90
    
●
相关链接 在E读中查询图书 在五车中查询图书 在当当中查询图书 在豆瓣中查询图书


正题名:建材工业会计管理     索取号:F407.96/145         预约/预借

序号 登录号 条形码 馆藏地/架位号 状态 备注
1 0448070   204480702   密集书库/ [索取号:F407.96/145] 在馆    
唐山师范学院图书馆 欢迎您!
大连网信软件有限公司© 版权所有